Motivačný cestovný ruch

Charakteristika motivačného (incentívneho) cestovného ruchu. Znaky motivačného cestovného ruchu. Vznik motivačného cestovného ruchu v 70. rokoch 20. storočia v USA. Sprostredkovatelia motivačného cestovného ruchu. Kritériá pre hotel s konferenčnými priestormi na organizovanie motivačného pobytu.

Gespeichert in:
Bibliographische Detailangaben
1. Verfasser: Repáňová, Terézia
Format: Buchkapitel
Sprache:Slowakisch
Schlagworte:
Tags: Tag hinzufügen
Keine Tags, Fügen Sie das erste Tag hinzu!

MARC

LEADER 00000naa a2200000 4500
001 0190613
005 20231016074732.1
041 0 |a slo 
044 |a SK 
245 1 0 |a Motivačný cestovný ruch  |c Terézia Repáňová 
520 |a Charakteristika motivačného (incentívneho) cestovného ruchu. Znaky motivačného cestovného ruchu. Vznik motivačného cestovného ruchu v 70. rokoch 20. storočia v USA. Sprostredkovatelia motivačného cestovného ruchu. Kritériá pre hotel s konferenčnými priestormi na organizovanie motivačného pobytu. 
610 2 0 |a ruch cestovný motivačný 
610 2 0 |a motivácia 
610 2 0 |a motivácia pracovná 
610 2 0 |a odmeňovanie 
610 2 0 |a zamestnávatelia 
610 2 0 |a zamestnanci 
610 2 0 |a služby 
610 2 0 |a hotely 
610 2 0 |a kvalita 
100 1 |a Repáňová, Terézia